Statistics for Capitals of Countries that Start "M"

Click here to take the quiz!

General Stats

  • This quiz has been taken 13 times
  • The average score is 13 of 18

Answer Stats

CountryCapital% Correct
MexicoMexico
100%
MalaysiaKuala Lumpur
92%
MonacoMonaco
92%
MongoliaUlaanbaatar
92%
MaltaValletta
92%
MaldivesMalé
85%
MontenegroPodgorica
85%
MoroccoRabat
85%
MadagascarAntananarivo
77%
MoldovaChisinau
77%
MauritaniaNouakchott
69%
MaliBamako
62%
MalawiLilongwe
62%
Marshall IslandsMajuro
62%
MozambiqueMaputo
62%
MicronesiaPalikir
54%
MyanmarNaypyidaw
46%
MauritiusPort Louis
46%

Score Distribution

Percentile by Number Answered

Percent of People with Each Score

Your Score History

You have not taken this quiz